Normal view
MARC view
Entry Core Textbooks
001 - NÚMERO DE CONTROL
- campo de control: 26578
003 - IDENTIFICADOR DEL NÚMERO DE CONTROL
- campo de control: OSt
005 - FECHA Y HORA DE LA ÚLTIMA TRANSACCIÓN
- campo de control: 20260505170435.0
008 - DATOS DE LONGITUD FIJA
- campo de control de longitud fija: 251120|| aca||aabn | a|a d
040 ## - FUENTE DE LA CATALOGACIÓN
- Centro catalogador/agencia de origen: OSt
130 ## - ENCABEZAMIENTO--TÍTULO UNIFORME
- Título uniforme: B2 Services Marketing (BiM)

